Statistics for Top 100 Marvel Superheroes

Click here to take the quiz!

General Stats

  • This quiz has been taken 21,261 times
    (11,019 since last reset)
  • The average score is 41 of 100

Answer Stats

Numbers 1-100Answer% Correct
5Iron Man
98%
8Captain America
96%
67Miles Morales
96%
3Spider Man
96%
6Hulk
95%
9Thor
93%
25Black Widow
91%
35Hawkeye
85%
16Black Panther
82%
34Captain Marvel
80%
4Wolverine
79%
12Dr. Strange
78%
26Ant-Man
77%
18Scarlet Witch
74%
40Star Lord
74%
59Groot
73%
57Gamora
71%
58Rocket Raccoon
71%
7Deadpool
68%
53Wasp
68%
63Drax
66%
48The Winter Soldier
66%
29Vision
65%
46Falcon
63%
19Professor X
63%
11Mr Fantastic
61%
31The Thing
61%
28Human Torch
60%
14Cyclops
59%
10Daredevil
59%
33Quicksilver
59%
30Storm
56%
15Jean Grey
55%
50She Hulk
55%
20Invisible Woman
53%
69Nick Fury
53%
56War Machine
53%
38Beast
51%
87Ms. Marvel
49%
2Moon Knight
46%
36Iron Fist
45%
39Luke Cage
45%
90Agent Venom
44%
84Anti Venom
44%
21Silver Surfer
43%
52Ice Man
42%
1Ghost Rider
40%
17Punisher
40%
37Nightcrawler
38%
23Rogue
38%
60Shang Chi
38%
49Colossus
37%
43Jessica Jones
37%
100Odin
37%
47Spider Woman
35%
27Blade
33%
55Angel
31%
22Gambit
31%
24Namor
29%
42Elektra
28%
76Spider-Gwen
27%
13Black Bolt
25%
64Valkyrie
25%
32Nova
24%
74Red Hulk
24%
41Cable
23%
66Kitty Pryde
21%
97Heimdall
20%
72Adam Warlock
19%
82Captain Britain
19%
54Emma Frost
19%
65Jubilee
19%
79Hercules
18%
70Havok
17%
85Bishop
16%
98Lady Sif
16%
51Psylocke
16%
62Medusa
15%
71X-23
15%
61Domino
14%
73Sentry
14%
92Black Knight
13%
44Cloak
13%
45Dagger
13%
75Wonder Man
13%
93White Tiger
12%
68Magik
11%
83Beta Ray Bill
10%
78Goliath
10%
89Lockjaw
10%
96Man Thing
10%
91Polaris
9%
81Crystal
8%
80Dazzler
8%
99Mockingbird
8%
88Firestar
7%
95Ka Zar
6%
86Clea
5%
77Songbird
5%
94Silver Sable
4%

Score Distribution

Percentile by Number Answered

Percent of People with Each Score

Your Score History

You have not taken this quiz since the last reset